000 00513nam a2200169 4500
001 148209
003 ES-MaACL
005 20230906202508.0
007 t|
008 070214s1935 mx r ||||1| spa d
100 1 _aStokowski, Leopold.
_9108281
245 1 0 _aNuevas perspectivas en radio /
_cLeopold Stokowski ; traducción de Carlos Chávez.
260 _aMéxico :
_b[s. n.],
_c1935 (
_fTall. `La Nación`)
300 _a31 p. ;
_c24 cm.
700 1 _aChávez, Carlos.
_938278
852 _aES-MaACL
_j1817-F-3
999 _c148209
_d148209